Voleibol (Registo nº 47)

Detalhes MARC
000 -Etiqueta do registo
Cabeçalho 00963cam a2200361 4500
005 - Identificador da versão
Campo de controlo 20240821122116.0
010 ## - Número internacional normalizado dos livros (ISBN)
Número (ISBN) 9729766711
021 ## - Número do Depósito Legal
Código do país PT
Número 124249/98
035 ## - Other System Control Numbers
System Control Number 0000050
System Control Number 0000050
System Control Number 0000050
System Control Number 0000050
100 ## - Dados gerais de processamento
Dados gerais de processamento 19990312d1998 m a0pory5003 ba
101 0# - Língua de publicação
Língua do texto, banda sonora, etc. Português
102 ## - Pais de publicação ou produção
País de publicação Portugal
105 ## - Campo de dados codificados: livros
Dados codificados dos livros a z 001yy
106 ## - Campo de dados codificados: material textual
Dados codificados do material textual r
200 1# - Titulo e menção de responsabilidade
Título próprio Voleibol
Informação de outro título a formação de jovens praticantes
Primeira menção de responsabilidade António Fiúza Fraga
205 ## - Menção da edição
Menção da edição 1ª ed
210 ## - Publicação, Distribuição, etc. 
Lugar da edição, distribuição, etc. Lisboa
Nome do editor, distribuidor, etc. Gabinete Coordenador do Desporto Escolar
Data da publicação, distribuição, etc. 1998
215 ## - Descrição física 
Indicação específica da natureza do documento e extensão da espécie 1 v., pag. var.
Outras indicações físicas il.
Dimensões 30 cm
225 2# - Colecção 
Título próprio da colecção Desporto escolar
320 ## - Nota relativa a bibliografia e índices internos 
Texto da nota Contém bibliografia
606 ## - Nome comum usado como assunto
Número de registo de entrada de autoridade 0000148
Palavra de ordem Voleibol
Subdivisão de assunto Ensino/aprendizagem
675 ## - Classificação Decimal Universal (CDU)
Notação 796.32
Edição BN
Língua da edição por
Notação 371.5(469.331)(05)
Edição BN
Língua da edição por
Edição BN
Língua da edição por
Notação 159.953
Edição BN
Língua da edição por
Notação 796.01
Edição BN
Língua da edição por
700 ## - Nome de autor-pessoa física (responsabilidade principal)
Número de registo de entrada de autoridade 0000152
Palavra de ordem Fraga
Outra parte do nome não tomada para palavra de ordem Fiúza
942 ## - Elementos de entrada adicionados (Koha)
Tipo de item no Koha Livro
966 ## - Identificação da Biblioteca
Sigla NUMETECA
Exemplares
Situação do levantamento Origin of item (home branch) (coded) Biblioteca de empréstimo Código de barras Cota Circulation type (not for loan) Tipo de documento Nota do exemplar Damaged status
  Biblioteca Escolar Eng. Nuno Mergulhão Biblioteca Escolar Eng. Nuno Mergulhão BENM278 7DES FRA   Livro Sem mensagem